| 000 | 01341nam a2200205 a 4500 | ||
|---|---|---|---|
| 008 | 150220s2010 ||||||||||||||||| || u | ||
| 020 | _a9780199582815 | ||
| 050 | _aRC 672 Che | ||
| 100 | _aChenzbraun, Adrian | ||
| 245 | 1 | 0 |
_aHeart disease _cBy Adrian Chenzbraun |
| 260 |
_aNew York: _bOxford University Press _c2010 |
||
| 300 | _axiii, 148p.: ill. | ||
| 350 | _a17.95 | ||
| 650 | _aHEART--DISEASE--POPULAR WORKS | ||
| 995 |
_aMEDICAL LIBRARY OPEN ACCESS _e902714 _FCBU-SCHOOL OF MEDICINE LIBRARY (Ndola) _I17.95 _jRC 672 Che _M4 _UAVAILABLE _WMar 3, 2015 _y902714 _ZMedical Library Open Access Collection |
||
| 995 |
_aMEDICAL LIBRARY OPEN ACCESS _e902715 _FCBU-SCHOOL OF MEDICINE LIBRARY (Ndola) _I17.95 _jRC 672 Che _M5 _UAVAILABLE _WMar 3, 2015 _y902715 _ZMedical Library Open Access Collection |
||
| 995 |
_aMEDICAL LIBRARY OPEN ACCESS _e902711 _FCBU-SCHOOL OF MEDICINE LIBRARY (Ndola) _I17.95 _jRC 672 Che _M1 _UAVAILABLE _WMar 3, 2015 _y902711 _ZMedical Library Open Access Collection |
||
| 995 |
_aMEDICAL LIBRARY OPEN ACCESS _e902712 _FCBU-SCHOOL OF MEDICINE LIBRARY (Ndola) _I17.95 _jRC 672 Che _M2 _UAVAILABLE _WMar 3, 2015 _y902712 _ZMedical Library Open Access Collection |
||
| 995 |
_aMEDICAL LIBRARY OPEN ACCESS _e902713 _FCBU-SCHOOL OF MEDICINE LIBRARY (Ndola) _I17.95 _jRC 672 Che _M3 _UAVAILABLE _WMar 3, 2015 _y902713 _ZMedical Library Open Access Collection |
||
| 999 |
_c63955 _d63955 |
||